000 00636nam a2200217 4500
003 OSt
005 20240620013831.0
006 a
008 240620b |||||||| |||| 00| 0 eng d
020 _a9781599181943
040 _aDWCL-Main lib.
_cOC
082 _aCirc. 658.972 L665g 2010
100 _aLevinson, Joy Conrad
245 _aGuerilla marketing on the internet /
260 _aU.S. :
_bMcGraw-Hill Education (Asia),
_cc2010.
300 _ax,
_b236 p. : ill. ;
_c23 cm.
504 _aIncludes glossary & index.
650 _a1. Internet marketing.
650 _a2. Internet advertising.
942 _2ddc
_n0
_cBK-CIRC
_kCirc.
999 _c941
_d941